000 00758nam a22002297a 4500
005 20250902114959.0
008 250902b |||||||| |||| 00| 0 eng d
020 _a978-81-962097-5-9 (hbk)
037 _cTB
040 _aCRL
_cCRL
041 _2URD
_aURD
084 _aO168,1w27136 R3
_bCRL
100 _aNagauri, Mohammad Saleem Silawat Kamil
_9819709
245 _aTazkira Shoara-e-Nagaur
260 _aNew Delhi, India:
_bMarkazi publications,
_c2023.
300 _a324p.
365 _b350.00
_cINR
650 _aUrdu Literature
650 _aUrdu Poetry
942 _2CC
_cTB
_hO168,1w27136 R3
_n0
999 _c1435050
_d1435050